عرض عادي
عرض مارك
- Lake, Richard E.
مدخل إسم شخص
001 - رقم الضبط
- حقل الضبط: 10112
003 - معرف رقم الضبط
- حقل الضبط: OSt
005 - تاريخ ووقت أخر عملية
- حقل الضبط: 20120404180020.0
008 - عناصر بيانات ثابتة الطول
- حقل تحكم ثابت الطول: 120404|||a|||||| | ||| d
040 ## - مصدر الفهرسة
- هيئة الفهرسة الأصلية: OSt
- وكالة الكتابة: OSt
100 ## - مدخل -- أسم شخص
- إسم شخص: Lake, Richard E.
670 ## - بيانات المصدر موجوده
- الاستشهاد بالمصدر: Work cat.: (OSt)0: Lilley, Linda Lane. 10109, Pharmacology and the nursing process /, c2005.
